zpět

Detail výsledku týmu

Pivní restaurace, Kadaň

Datum a čas kvízu

17.5 Celkem bodů Celkový počet nahraných bodů na tomto kvízu bez doplňovacích otázek.
6. Pořadí na kvízu Konečné umístění týmu na tomto kvízu.

Zaznamenané odpovědi

# Otázka Odpověď Body Výsledky
1. Tramvaje Dopravního podniku hl... NATO 1
2. Dvaaosmdesátiletý prezident Ab... Alžírsko 1
3. Stejně jako je _____ _____ cen... Skleněný pokoj 1
4. Od 11. do 17. března proběhl n... Týden mozku 0
5. Slavný holandský kouč, bývalý... Louis van Gaal 0
1. Začneme seriály Breaking Bad (... metamfetamin 0
2. Seriál The Crown, popisující ž... na území Řecka 0
3. Jak se nazývá velké anglické m... Birmingham 0
4. Herečku Robin Wrightovou, jedn... Forrest Gump 0
5. Jak se jmenuje český herec, da... Aleš Háma 0